000 01276 a2200229 4500
001 119453
020 _a9788595084698
040 _cEscola Canadense de Niteroi
090 _aPIR
100 _aPirula
245 1 0 _aDarwin sem frescura: como a ciência evolutiva ajuda a explicar algumas polêmicas da atualidade
250 _a1. ed.
260 _aRio de Janeiro
300 _a240 p.
_bil.
_c23x16 cm.
362 0 _a2019
520 _aEm uma viagem por Eras, continentes, nascimentos e extinções, dois brasucas nerds nos convidam a um mergulho na teoria da Evolução com as mais modernas e variadas descobertas científicas já feitas na história. Com a leveza e descontração de que só quem entende do assunto é capaz, os autores Reinaldo e Pirula respondem questões das mais diversas que, de algum modo, se relacionam à teoria mais importante da biologia. Afinal, existe um elo perdido? De onde veio a nossa espécie? A humanidade está em processo de extinção? Por que irlandeses têm mais tolerância à lactose do que chineses? Por que leões matam filhotinhos? E o mais importante sou fresco por não gostar de brócolis?
650 4 _aNão Ficção
650 4 _aCientistas
650 4 _aBiologia
650 4 _aCiências Naturais
942 _cBK
999 _c119453
_d119453